[Event "39 Open Sevilla 2014"]
[Site "Sevilla (SPAIN)"]
[Date "2014.01.17"]
[Round "8.7"]
[White "SGNAOLIN, Davide"]
[Black "PADEIRO, Jose"]
[Result "1/2-1/2"]
[WhiteElo "2221"]
[BlackElo "2337"]
[Annotator "Montecatine,R"]
[PlyCount "43"]
[EventDate "2014.01.10"]

{Sgnaloin hizo una interesante entrega de peón. El negro se defendió bien y,
cuando parecía que igualaba, quedó perdido en la 17. El blanco no remató en la
19 pero el negro insistió en perder. Finalmente en la 20 el blanco insistió en
empatar y eso es lo que firmaron en la 22.} 1. c4 c6 2. Nf3 Nf6 3. g3 d5 4. b3
Bg4 5. Bg2 Bxf3 6. Bxf3 dxc4 7. Nc3 (7. bxc4 Nbd7 (7... Qd4 8. Qb3 Qxa1 9. Qxb7
$18) 8. Bb2 $14) 7... cxb3 8. Qxb3 Qb6 9. Qa4 e6 10. Rb1 Qc7 11. d4 Bd6 12. Qb3
Nd5 (12... b6 13. Nb5 Qd8 14. O-O $16) 13. Bxd5 (13. Nxd5 cxd5 14. e4 dxe4 15.
Bxe4 Nc6 16. Qxb7 Qxb7 17. Rxb7 Nxd4 18. Be3 Nf5 19. Bxa7 O-O $14) 13... cxd5
14. Qxb7 Qxb7 15. Rxb7 Nd7 $6 (15... Nc6 $11) 16. Bf4 $6 (16. Nb5 Ke7 (16...
Bb4+ 17. Bd2 Bxd2+ 18. Kxd2 Rd8 19. Nxa7 $18) 17. Nxa7 Bb8 18. Nc6+ Kd6 19. Nb4
Rc8 20. O-O $14) 16... Ke7 (16... Bxf4 17. gxf4 Nb6 18. Nb5 O-O 19. Nxa7 Nc8
$11) 17. Kd2 {Diagrama #} Rhe8 $2 (17... Bxf4+ 18. gxf4 Rhc8 $11) 18. Bxd6+
Kxd6 19. Rhb1 $2 (19. Nb5+ Kc6 (19... Ke7 20. Nxa7 $18) 20. Rc7+ Kxb5 21. Rxd7
$18) 19... Re7 $2 (19... Kc6 20. R7b3 a6 $14) 20. Na4 $2 (20. Nb5+ Kc6 21. Rc7+
Kb6 22. Rc3 $18) 20... Nb6 $11 21. Rxe7 Kxe7 22. Nxb6 1/2-1/2

[Event "39 Open Sevilla 2014"]
[Site "Sevilla (SPAIN)"]
[Date "2014.01.17"]
[Round "8.10"]
[White "ROMERO SANCHEZ, Jesus"]
[Black "LILLO CASTANY, Victor"]
[Result "1-0"]
[WhiteElo "2121"]
[BlackElo "2315"]
[Annotator "Montecatine,R"]
[PlyCount "69"]
[EventDate "2014.01.10"]

{Floja partida de Lillo, no logró contrajuego y el blanco se impusos con
aparente facilidad} 1. d4 Nf6 2. c4 g6 3. Nc3 d5 4. e3 Bg7 5. cxd5 Nxd5 6. Nxd5
Qxd5 7. Ne2 O-O 8. Nc3 Qd8 9. Be2 c6 10. O-O e5 11. dxe5 Bxe5 12. e4 Qc7 13. h3
b6 14. Be3 Bb7 (14... Ba6) 15. f4 $14 Bg7 (15... Bxc3 16. bxc3 c5) 16. e5 $16
Nd7 17. Qc2 c5 18. Bc4 a6 19. a4 {Diagrama #} Kh8 (19... Rad8 20. Rad1 Nb8) 20.
Rad1 Rae8 21. Qd3 Nb8 22. Qd6 Qd8 23. Qxd8 Rxd8 24. Rxd8 Rxd8 25. Bxf7 g5 26.
g3 gxf4 27. gxf4 Rf8 28. Bd5 Bc8 29. e6 Rd8 30. Bc4 Nc6 31. f5 Bf6 32. Nd5 Rg8+
33. Kh2 Bxb2 34. Nxb6 Ne5 35. Bd5 1-0

[Event "39 Open Sevilla 2014"]
[Site "Sevilla (SPAIN)"]
[Date "2014.01.17"]
[Round "8.17"]
[White "SEVERIJNEN, Arjon"]
[Black "LAZARO PORTA, Angel"]
[Result "1-0"]
[WhiteElo "2147"]
[BlackElo "1901"]
[Annotator "Montecatine,R"]
[PlyCount "51"]
[EventDate "2014.01.10"]

{Varios errores en esta Siciliana con enroques opuestos. Al final hubo mate en
el tablero.} 1. e4 c5 2. Nf3 d6 3. d4 cxd4 4. Nxd4 Nf6 5. Nc3 a6 6. Bg5 Nbd7 7.
f4 b5 8. Be2 Bb7 9. Bf3 Qc7 10. Qd2 e6 11. a3 Be7 12. O-O-O h6 13. Bxf6 Nxf6
14. Kb1 Rd8 15. Rhe1 O-O 16. g4 Nd7 17. h4 Nb6 18. g5 Nc4 19. Qd3 Rc8 20. Na2
$6 (20. gxh6 g6 21. h5 $16) 20... Rfd8 21. Bg4 {Diagrama #} Kh8 $2 (21... Ne5
22. fxe5 dxe5 23. gxh6 Rxd4 24. Qg3 Qxc2+ 25. Ka1 Bf6 $17) 22. gxh6 gxh6 23.
Bxe6 fxe6 24. Nxe6 Qd7 $4 (24... Qb6 25. Qc3+ Ne5 $14) 25. Qd4+ Kh7 26. Qg7#
1-0

[Event "39 Open Sevilla 2014"]
[Site "Sevilla (SPAIN)"]
[Date "2014.01.17"]
[Round "8.3"]
[White "MATAMOROS FRANCO, Carlos S"]
[Black "DUCARMON, Quinten"]
[Result "1/2-1/2"]
[WhiteElo "2531"]
[BlackElo "2456"]
[Annotator "Montecatine,R"]
[PlyCount "54"]
[EventDate "2014.01.10"]

{Entre las jugadas 19 y 20 ambos jugadores intercambiaron tres imprecisones.
De ellas emergió Matamoros con calidad de menos por un peón y cierta
compensación. Carlos estaba apurado de tiempo y ambos rivales eligieron
repetir jugadas y empatar.} 1. Nf3 d5 2. e3 Nf6 3. c4 c6 4. Nc3 g6 5. d4 Bg7 6.
Be2 O-O 7. O-O a6 8. Qb3 dxc4 9. Bxc4 b5 10. Be2 c5 11. dxc5 Nbd7 12. Rd1 (12.
c6 Nb8 13. Rd1 Qb6) 12... Bb7 13. e4 (13. Qa3 Qc7 14. b4) 13... Qc8 14. Nd5 Re8
(14... Nxd5 15. exd5 Nxc5 16. Qb4 Na4) 15. Be3 (15. Nb6 Nxb6 16. cxb6 Nxe4 17.
Be3) 15... Nxc5 16. Qa3 Bxd5 (16... Nxd5 17. exd5 Ne4) 17. exd5 Na4 18. Rac1
Qb7 {Diagrama #} 19. Nd4 $2 (19. Qb3) 19... Nd7 $2 (19... Nxd5 $17) 20. b3 $6 (
20. d6 exd6 21. Qxd6 $16) 20... Nc3 21. Rxc3 b4 22. Rc7 Qxc7 23. Qxb4 Qd6 24.
Qa5 Rec8 25. Nc6 Ne5 26. Qb6 Nd7 27. Qa5 Ne5 1/2-1/2

[Event "39 Open Sevilla 2014"]
[Site "Sevilla (SPAIN)"]
[Date "2014.01.17"]
[Round "8.4"]
[White "CAMPORA, Daniel H"]
[Black "MELERO FIDALGO, Juan De Dios"]
[Result "1-0"]
[WhiteElo "2460"]
[BlackElo "2245"]
[Annotator "Montecatine,R"]
[PlyCount "71"]
[EventDate "2014.01.10"]

{Cámpora se impone con un juego posicional sencillo.Melero sólo tuvo una
ocasión para liberarse algo y no la aprovechó} 1. e4 e5 2. Nf3 Nc6 3. Nc3 Nf6
4. Bb5 Bb4 5. O-O O-O 6. d3 Bxc3 7. bxc3 d6 8. Re1 Ne7 9. d4 c6 10. Bd3 Ng6 11.
h3 Re8 12. a4 Qc7 13. a5 Be6 14. c4 Rad8 15. Bg5 c5 16. d5 Bc8 17. Nh2 Qe7 18.
Qf3 h6 19. Bxf6 Qxf6 20. Qxf6 gxf6 {el blanco jugará Cf1-e3 y Ae2-g4 para
cambiar esta pieza. La presión en f5, f6 y h6 combinado con la ruptura en f4
harán difícil el juego negro} 21. Nf1 Kg7 22. Ne3 Nf4 23. Bf1 Re7 24. Kh2 Rc7
25. Ra3 Ng6 26. Be2 Ne7 27. Bg4 Kg6 28. Bxc8 Rdxc8 29. Rf1 {Diagrama #} Re8 ({
era imprescindible} 29... f5 30. f4 exf4 (30... fxe4 31. fxe5 Rd7 32. Rf6+ Kg7
33. Rxd6 $18) 31. exf5+ Kg5 (31... Nxf5 32. Nxf5 Kxf5 33. Raf3 $16) 32. h4+
Kxh4 33. Rxf4+ Kg5 34. Kg3 $14) 30. f4 $16 exf4 31. Rxf4 Kg7 32. Ng4 Ng8 33.
Rg3 $18 Kf8 34. Ne3 b6 35. a6 Rce7 36. Rfg4 1-0

[Event "39 Open Sevilla 2014"]
[Site "Sevilla (SPAIN)"]
[Date "2014.01.17"]
[Round "8.6"]
[White "SIMONIAN, Tigran"]
[Black "DIAZ CASTRO, Sergio"]
[Result "1-0"]
[WhiteElo "2412"]
[BlackElo "2256"]
[Annotator "Montecatine,R"]
[PlyCount "153"]
[EventDate "2014.01.10"]

{Sergio logró posición ganadora pero jugó mal el final y terminó incluso
perdiéndolo} 1. d4 Nf6 2. c4 g6 3. Nc3 Bg7 4. e4 d6 5. h3 O-O 6. Nf3 Nc6 7. Bg5
h6 8. Be3 e5 9. d5 Nd4 10. Nxd4 exd4 11. Bxd4 Nxe4 12. Bxg7 $6 (12. Nxe4 Re8
13. f3 f5 (13... Bxd4 14. Qxd4 f5 15. O-O-O fxe4 16. fxe4 Qg5+ 17. Rd2 $16) 14.
Bxg7 Kxg7 15. Qd4+ Kh7 16. Bd3 fxe4 17. Bxe4 Qh4+ 18. Qf2 $16) 12... Re8 13.
Be2 Kxg7 14. Qd4+ Qf6 15. Qxf6+ Kxf6 16. Nxe4+ Rxe4 $11 17. Kd2 Bd7 18. Bd3 Re5
19. f4 Re7 20. Rae1 Rxe1 21. Rxe1 Re8 22. Rxe8 Bxe8 23. Ke3 Bd7 24. g4 g5 25.
Kf3 a5 26. Kg3 Ke7 27. Kf3 Ba4 28. Ke3 Kf6 29. b3 Bd7 30. a3 Ke7 31. Kd4 Kf6
32. Ke3 Ke7 33. Bc2 Kf6 34. Kf3 Ke7 35. Bd3 Kf6 36. Kg3 Ke7 37. h4 f6 38. h5 c5
39. dxc6 Bxc6 40. b4 b6 41. b5 (41. Bc2) 41... Bb7 $17 42. Be2 (42. Bc2 d5 43.
cxd5 Bxd5 44. fxg5 fxg5 45. Kf2 Bc4 $19) 42... d5 43. fxg5 fxg5 44. Kf2 d4 (
44... Kd6) 45. Bd3 Kd6 46. Bf5 Kc5 47. Be6 Be4 48. Ke2 Bc2 49. Kd2 Bb1 50. Bf7
{Diagrama #} (50. Ke2) 50... Ba2 (50... d3 51. Ke3 d2 52. Kxd2 Kd4 $19) 51. Kd3
Bb1+ 52. Kd2 Be4 53. Be6 Bg2 54. Ke2 Be4 55. Kd2 Bf3 56. Kd3 Bg2 57. Ke2 Ba8
58. Kd3 Bf3 59. Kd2 Be4 60. Ke2 Bb1 61. Kd2 Bh7 (61... d3) 62. Ke2 Kd6 63. Bf7
Ke5 (63... Kc5) 64. Bg6 Bg8 65. Kd3 Be6 66. Bf5 Bxf5+ 67. gxf5 $2 {Diagrama #}
g4 (67... Kxf5 68. c5 Ke5 69. c6 Kd6 70. a4 Ke6 71. Kxd4 Kd6 $11) 68. c5 $18 g3
69. cxb6 Kd6 70. f6 g2 71. f7 Ke7 72. b7 g1=Q 73. f8=Q+ Kxf8 74. b8=Q+ Kf7 75.
Qf4+ Ke6 76. Qe4+ Kf6 77. Qg6+ 1-0

[Event "39 Open Sevilla 2014"]
[Site "Sevilla (SPAIN)"]
[Date "2014.01.17"]
[Round "8.8"]
[White "COIMBRA, Margarida"]
[Black "POGORELOV, Ruslan"]
[Result "0-1"]
[WhiteElo "2087"]
[BlackElo "2377"]
[Annotator "Montecatine,R"]
[PlyCount "76"]
[EventDate "2014.01.10"]

{Dos serios errores de Margarida en las jugadas 30 y 35 estropearon su
posición igualada} 1. e4 c6 2. c4 d5 3. exd5 cxd5 4. cxd5 Nf6 5. Nc3 Nxd5 6.
Nf3 Nc6 7. Bb5 Nxc3 8. bxc3 Bd7 9. d4 e6 10. O-O Be7 11. Bf4 O-O 12. Bd3 b6 13.
Qe2 Bf6 14. a4 g6 15. Ne5 Nxe5 16. Bxe5 Rc8 17. c4 Bxe5 18. Qxe5 Re8 19. a5 f6
20. Qg3 Re7 21. axb6 axb6 22. Rfb1 Be8 23. Qe3 Bf7 24. Ra6 Rd7 25. Raxb6 Rxd4
26. Bf1 e5 27. Qf3 Rf4 28. Qh3 Kg7 29. Rb7 Rc7 30. Rb8 (30. Qc3 $11) 30... Qd4
$17 31. R1b2 Bxc4 32. Qa3 Rf7 33. g3 Bxf1 34. gxf4 Bc4 {Diagrama #} 35. Qe3 $2
(35. Rb1 $15) 35... Qd1+ $19 36. Kg2 Qf1+ 37. Kg3 Qg1+ 38. Kh4 exf4 0-1

[Event "39 Open Sevilla 2014"]
[Site "Sevilla (SPAIN)"]
[Date "2014.01.17"]
[Round "8.9"]
[White "MONTERO MELENDEZ, Rafael"]
[Black "HASLINGER, Gareth J"]
[Result "1-0"]
[WhiteElo "2350"]
[BlackElo "2049"]
[Annotator "Montecatine,R"]
[PlyCount "81"]
[EventDate "2014.01.10"]

{Un error en la apertura del negro y enseguida quedó perdido} 1. c4 f5 2. g3
Nf6 3. Bg2 e6 4. Nf3 Be7 5. O-O O-O 6. b3 d6 7. d4 a5 8. Bb2 Qe8 9. Nc3 Qh5 10.
Nd2 {Diagrama #} e5 $2 (10... Na6) 11. Nd5 $16 Nxd5 12. Bxd5+ Kh8 13. dxe5 f4 (
13... dxe5 14. Bxe5 c6 15. Bg2) 14. e3 Bg4 15. Bf3 fxg3 16. fxg3 Rxf3 (16...
Bxf3 17. Rxf3 $16) 17. Nxf3 Nc6 18. exd6 Bxd6 19. Qd5 Qxd5 20. cxd5 Nb4 21. e4
Nc2 22. Rac1 Bc5+ 23. Kh1 Ne3 24. Rxc5 Nxf1 25. Ne5 Bh5 26. g4 Be8 27. Kg1 Nd2
28. Rxc7 Nxe4 29. Rxb7 h5 30. Nc4 Kh7 31. Rxg7+ Kh6 32. Nd6 hxg4 33. Nxe4 Bg6
34. Nf2 Ra6 35. Nxg4+ Kh5 36. Ne5 Be4 37. Bc1 Rd6 38. Rg5+ Kh4 39. Rg4+ Kh3 40.
Rxe4 Rxd5 41. Nf3 1-0

[Event "39 Open Sevilla 2014"]
[Site "Sevilla (SPAIN)"]
[Date "2014.01.17"]
[Round "8.11"]
[White "GALLARDO FERNANDEZ, Cesar"]
[Black "LOPEZ RODRIGUEZ, Fernando"]
[Result "1-0"]
[WhiteElo "2244"]
[BlackElo "2098"]
[Annotator "Montecatine,R"]
[PlyCount "115"]
[EventDate "2014.01.10"]

{Fernando tenía ventaja pero fue perdiéndola. Tras la jugada 32 la iniciativa
pasó al blanco} 1. c4 e6 2. g3 d5 3. cxd5 exd5 4. d4 Nf6 5. Bg2 c5 6. Nf3 Nc6
7. O-O Be7 8. Nc3 O-O 9. h3 Re8 10. Be3 c4 11. Ne5 Bb4 12. Qa4 Bxc3 13. Nxc6
Qd7 14. bxc3 Ne4 15. Qc2 Qxc6 16. Bf4 g5 17. Bc1 Bf5 18. g4 Bg6 19. Qb2 f6 20.
f3 Ng3 21. Rf2 Re7 22. e3 (22. e4 dxe4 23. f4 $5) 22... Bd3 23. Bd2 Rae8 $15
24. Re1 h5 25. e4 dxe4 26. f4 hxg4 27. fxg5 (27. fxg5) 27... fxg5 (27... gxh3
$19) 28. Bxg5 $17 (28. hxg4) 28... Rg7 29. h4 Qd7 30. Rf6 Nh5 31. Rh6 Qf7 (
31... Rh7) 32. Qf2 Qxf2+ 33. Kxf2 Rh7 (33... Rf8+) 34. Rg6+ Kf8 35. Ke3 Kf7 36.
Rd6 Kg8 37. Rg1 Rf7 38. Rg6+ Kh8 39. Rh6+ Rh7 40. Rxh7+ Kxh7 41. Bh1 g3 42. Bg2
Kg7 (42... Ng7 43. Bh3 Rf8 44. Bg4 (44. Rxg3 $2 Nh5) 44... Nf5+ 45. Bxf5+ Rxf5
46. Rxg3 Ra5 $14) 43. Bh3 $16 Rf8 44. Bg4 Kg6 45. d5 Nf6 (45... Rf1) 46. Be6
$18 Nxd5+ 47. Bxd5 Rf3+ 48. Kd4 Kf5 49. Bxb7 Kg4 50. Bc8+ Kh5 51. Be6 Bf1 52.
Bxc4 g2 53. Kxe4 Rf8 54. Be7 Rf2 55. Ke3 Rf5 56. Be2+ Kh6 57. Bg5+ Kg6 58. Bd3
1-0

[Event "39 Open Sevilla 2014"]
[Site "Sevilla (SPAIN)"]
[Date "2014.01.17"]
[Round "8.14"]
[White "VALENTI, Giuseppe"]
[Black "VALLBONA DOMINGO, Joan"]
[Result "1/2-1/2"]
[WhiteElo "2172"]
[BlackElo "1968"]
[Annotator "Montecatine,R"]
[PlyCount "76"]
[EventDate "2014.01.10"]

{El negro la tenía ganada pero el blanco logró una posición de tablas. En la
31 el blanco volvió a quedar perdido pero, como el negro no estaba realmente
por la labor de ganar, se acordó el empate.} 1. e4 c5 2. Nf3 e6 3. d4 cxd4 4.
Nxd4 a6 5. Nc3 b5 6. Bd3 d6 7. O-O Nf6 8. Re1 Be7 9. a4 b4 10. Na2 e5 11. Nf3
Nc6 12. c3 bxc3 13. Nxc3 O-O 14. h3 h6 15. Bc4 Be6 16. Bf1 Qb8 17. Rb1 Bb3 18.
Qd2 Nb4 19. Be2 Bc2 $17 20. Bd1 Bxb1 21. Nxb1 Rd8 $19 22. Nc3 d5 23. exd5 Nbxd5
24. Nxe5 Nxc3 25. Qxc3 Bb4 26. Qc4 Bxe1 (26... Ra7 $17) 27. Qxf7+ Kh8 28. Ng6+
Kh7 29. Bc2 Bxf2+ 30. Kf1 Rd1+ {Diagrama #} 31. Bxd1 $2 (31. Kxf2 Ng4+ 32. hxg4
Rxc1 33. Nf8+ Kh8 34. Ng6+ $11) 31... Qe8 $6 (31... Qb4 $19 32. Kxf2 Qd4+ 33.
Kg3 Qxd1) 32. Qxe8 Rxe8 33. Kxf2 Kxg6 34. Bc2+ Kf7 35. Bd3 Ne4+ 36. Kf3 Nc5 37.
Bc4+ Ke7 38. Be3 Kd6 1/2-1/2

[Event "39 Open Sevilla 2014"]
[Site "Sevilla (SPAIN)"]
[Date "2014.01.17"]
[Round "8.15"]
[White "GAITAN RAMIREZ, Alfonso"]
[Black "GUERREIRO, Nuno"]
[Result "0-1"]
[WhiteElo "2020"]
[BlackElo "2161"]
[Annotator "Montecatine,R"]
[PlyCount "104"]
[EventDate "2014.01.10"]

{El blanco se defendía correctamente y el Ad1 controlaba b3 y atacaba a4. Un
error, 39.Ag4, y todo se derrumbó} 1. c4 Nc6 2. Nc3 e5 3. Nf3 Nf6 4. e4 Bb4 5.
d3 d6 6. g3 O-O 7. Bg2 Bg4 8. h3 Bxf3 9. Bxf3 Nd4 10. Bg2 Bc5 11. Be3 c6 12.
O-O a5 13. Kh2 h6 14. Ne2 Qb6 15. Bxd4 Bxd4 16. Nxd4 Qxd4 17. Qb3 Rfb8 18. Rac1
Nd7 19. Qc3 Nc5 20. Qxd4 exd4 21. Rcd1 a4 22. f4 Re8 23. g4 Ra6 24. Rf2 Rb6 25.
Bf1 Rb4 26. Kg3 b5 27. cxb5 Rxb5 28. Bg2 Reb8 29. Rdd2 Na6 30. Bf3 Nb4 31. a3
Na6 32. Bd1 Nc5 33. h4 Kf8 34. g5 hxg5 35. hxg5 Ke7 36. Rh2 g6 37. f5 Rg8 38.
f6+ Ke8 {Diagrama #} 39. Bg4 $2 (39. Rh7 $11) 39... Rb3 $15 40. Kf4 Nxd3+ 41.
Rxd3 Rxd3 42. Rc2 c5 43. Rc4 Rb3 44. Rxa4 Rb8 45. Ra6 Rd8 46. Ra7 Rh8 47. Be2
Rh4+ 48. Kf3 Rh3+ 49. Kf4 d3 50. Bd1 d2 51. a4 c4 52. a5 Rh1 0-1

[Event "39 Open Sevilla 2014"]
[Site "Sevilla (SPAIN)"]
[Date "2014.01.17"]
[Round "8.16"]
[White "GOMEZ REBOLLO, Alfonso Carlos"]
[Black "ALBA HUESCAR, Pedro"]
[Result "1/2-1/2"]
[WhiteElo "2150"]
[BlackElo "1901"]
[Annotator "Montecatine,R"]
[PlyCount "116"]
[EventDate "2014.01.10"]

1. e4 {El blanco pudo ganar en la 31 pero sólo se quedó con clara ventaja.
Tras varias imprecisiones quedó perdido en la 41. El negro no vio líneas
ganadoras en la 42, 46 y 50 y terminó dando perpetuo.} c6 2. Nf3 d5 3. exd5
cxd5 4. Ne5 a6 5. d4 Nc6 6. c3 Nxe5 7. dxe5 e6 8. Bd3 Bc5 9. O-O Qc7 10. Qe2
Ne7 11. Nd2 Bd7 12. Nf3 h6 13. a4 Ba7 14. Bd2 g5 15. Kh1 Nf5 16. Bxf5 exf5 17.
Nd4 Bxd4 18. cxd4 Qb6 19. Qd3 Rc8 20. Qa3 Be6 21. Bc3 Rc4 22. Rfc1 Qc7 23. Bd2
Qe7 24. Qd3 Qd7 25. b3 Rxc1+ 26. Rxc1 O-O 27. Qg3 Kh7 28. Qd3 Rc8 29. h4 Rxc1+
30. Bxc1 Qd8 31. g4 {Diagrama #} Kg6 $2 32. h5+ $2 (32. gxf5+ Bxf5 33. h5+)
32... Kg7 33. gxf5 Bd7 $16 34. Ba3 (34. Bd2) 34... Be8 35. f6+ Kg8 36. Kg2 Qc8
37. Kg3 (37. f3) 37... Bd7 38. Qd2 (38. f3) 38... Bh3 39. f3 Bf1 40. Qh2 Qc3
41. Bc5 $2 (41. Qf2 Qa1 42. Bb4 $14) 41... Qe3 $19 42. Qh1 {Diagrama #} Bd3 $2
(42... Qe1+ 43. Kg4 Qf2 $19) 43. b4 Bf5 44. Bd6 Qxd4 45. a5 Qf4+ 46. Kf2 Qd2+ (
46... d4) 47. Kg3 d4 48. Qa1 Qf4+ 49. Kg2 d3 (49... g4) 50. Qa4 {Diagrama #}
Qd2+ (50... Bh3+ 51. Kxh3 Qxf3+ 52. Kh2 Qxh5+ 53. Kg2 d2 $19) 51. Kg3 Qe1+ 52.
Kg2 Qe2+ 53. Kg3 Qe1+ 54. Kg2 Qe2+ 55. Kg3 Qe1+ 56. Kg2 Kh7 57. Qe8 Qd2+ 58.
Kg3 Qf4+ 1/2-1/2

[Event "39 Open Sevilla 2014"]
[Site "Sevilla (SPAIN)"]
[Date "2014.01.17"]
[Round "8.20"]
[White "ZARANDIETA LOPERA, Victor"]
[Black "FERRER GARCIA, Isaac"]
[Result "0-1"]
[WhiteElo "2048"]
[BlackElo "2144"]
[Annotator "de,Universidad"]
[PlyCount "129"]
[EventDate "2014.01.10"]

{Los diagramas reflejan las muchas vueltas que dio la partida. La tradición
dice que en estos casos a Zarandieta le tocó dormir peor} 1. c4 c5 2. Nf3 g6 3.
d4 cxd4 4. Nxd4 Bg7 5. Nc3 Nc6 6. Nxc6 bxc6 7. e3 Bxc3+ 8. bxc3 Qa5 9. Qb3 Nf6
10. Bd3 (10. Qa3 $5) 10... d6 $14 11. Qb4 Qe5 (11... Qg5) 12. O-O (12. f4 Qh5
13. O-O Bf5 14. Qb7 O-O 15. Bxf5 gxf5 16. Qxe7 Ne4 $13) 12... Bf5 13. Bxf5 gxf5
14. Ba3 O-O (14... a5 15. Qa4) 15. c5 Ng4 16. g3 d5 17. Qd4 Qe6 18. c4 $2 (18.
Rfb1) 18... Ne5 19. Qf4 Nxc4 20. Bb4 Qe5 21. Qh6 f6 22. Rac1 Qe4 23. Bc3 Rab8
24. Rfd1 Qf3 25. Rd4 Qe2 26. Rh4 Rf7 27. Qf4 e5 28. Qxf5 {Diagrama #} Nd2 $4 (
28... Nxe3 $19) 29. Bxd2 (29. Qg4+ $18) 29... Qxd2 30. Rb1 $18 Rxb1+ 31. Qxb1
Qe2 32. h3 $2 (32. Qf5 $18) 32... h5 $2 (32... Qb5 $14) 33. Qf5 $18 Rg7 {
Diagrama #} 34. Qxh5 $2 (34. Rxh5 $18) 34... Qxh5 35. Rxh5 $11 Rb7 36. Rh4 Rb5
37. Ra4 a5 38. Kf1 Rxc5 39. f4 e4 40. g4 Kf7 41. h4 f5 42. g5 Kg6 43. Ke1 Rb5
44. Kd2 Kh5 45. Kc3 Kxh4 46. g6 $6 (46. Kd4) 46... Rb1 47. Kd4 Rg1 48. Rxa5 $2
(48. Ke5 Rxg6 49. Kxf5 Rg3 50. Ra3 $11) 48... Rxg6 $17 49. Rc5 Rg2 50. Rxc6
Rxa2 {Diagrama #} 51. Ke5 $2 (51. Kxd5 Kg4 52. Rb6 Kf3 53. Rb3 Re2 54. Kd4 $11)
51... Kg4 $19 52. Kxd5 Kf3 53. Rf6 Kxe3 54. Rxf5 Ra5+ 55. Ke6 Rxf5 56. Kxf5 Kf3
57. Kg5 e3 58. f5 e2 59. f6 e1=Q 60. Kg6 Qg3+ 61. Kh7 Qh4+ 62. Kg6 Qg4+ 63. Kf7
Kf4 64. Ke7 Qg5 65. Ke6 0-1

[Event "39 Open Sevilla 2014"]
[Site "Sevilla (SPAIN)"]
[Date "2014.01.17"]
[Round "8.12"]
[White "CASTILLO GOMEZ, Jesus"]
[Black "CONGIU, Mathilde"]
[Result "0-1"]
[WhiteElo "2032"]
[BlackElo "2226"]
[Annotator "Montecatine,R"]
[PlyCount "161"]
[EventDate "2014.01.10"]

{El negro estaba atacando pero la posición blanca se mantenía. Un error en la
29 dio paso a un final ganado por las negras.R} 1. d4 Nf6 2. c4 g6 3. Nc3 Bg7
4. e4 d6 5. Nf3 O-O 6. Be2 e5 7. d5 a5 8. O-O Na6 9. Ne1 Nc5 10. f3 Ne8 11. Be3
f5 12. Nd3 Nxd3 13. Bxd3 f4 14. Bf2 b6 15. a3 g5 16. Kh1 h5 17. Rg1 g4 18. Qe1
Bf6 19. Be2 Kf7 20. g3 Rg8 21. Rd1 Qd7 22. gxf4 exf4 23. Bh4 g3 (23... Qe7) 24.
Bxf6 Nxf6 25. Bf1 h4 26. h3 (26. e5) 26... g2+ $6 27. Bxg2 Rg3 28. Qf2 (28. Qf1
) 28... Nh5 {Diagrama #} 29. Ne2 $2 (29. Qf1) (29. Rge1) 29... Rxh3+ $19 30.
Bxh3 Qxh3+ 31. Qh2 Qxf3+ 32. Qg2 Bg4 33. Nd4 Ng3+ 34. Kh2 Qxg2+ 35. Kxg2 h3+
36. Kh2 Bxd1 37. Rxd1 Kf6 38. Nf3 Nxe4 39. Rd4 Re8 40. Kxh3 Kf5 41. Nh4+ Kg5
42. Nf3+ Kh5 43. b4 axb4 44. axb4 Ng5+ 45. Nxg5 Kxg5 46. c5 bxc5 47. bxc5 Re3+
48. Kg2 Kf5 49. cxd6 cxd6 50. Kf2 Ke5 51. Rd2 Ke4 52. Ra2 Kxd5 53. Ra8 Kd4 54.
Ra4+ Ke5 55. Ra8 d5 56. Re8+ Kd4 57. Rf8 Ke4 58. Re8+ Kd3 59. Rf8 Re4 60. Kf3
Re1 61. Rd8 Rf1+ 62. Kg2 Re1 63. Kf3 d4 64. Kxf4 Kc3 65. Rc8+ Kd2 66. Kf3 d3
67. Ra8 Re7 68. Rc8 Kd1 69. Ra8 d2 70. Rh8 Re5 71. Kf2 Re7 72. Kf3 Kc2 73. Rc8+
Kb3 74. Rd8 Kc3 75. Rc8+ Kd3 76. Rd8+ Kc2 77. Rc8+ Kb1 78. Rd8 Kc1 79. Rc8+ Kd1
80. Rh8 Rc7 81. Rh2 0-1